Southville International School and Colleges
Your cart is empty.
  • Cart
  • Lists
    Public lists Eva Luna New books Lux_list list_1
    Your lists Log in to create your own lists
  • Log in to your account
  • Your cookies
  • Search history
Southville International School and Colleges
  • Advanced search
  • Recent comments
  • Most popular
  • Libraries

Log in to your account

Log in with GOOGLE


If you do not have an external account, but do have a local account, you can still log in:

  1. Home
  2. MARC view: Cultural intelligence :
Normal view MARC view ISBD view

Cultural intelligence : (Record no. 1983)

[ view plain ]
MARC details
000 -LEADER
fixed length control field 01475cam a22003734a 4500
001 - CONTROL NUMBER
control field 13454524
003 - CONTROL NUMBER IDENTIFIER
control field OSt
005 - DATE AND TIME OF LATEST TRANSACTION
control field 20140310181721.0
008 - FIXED-LENGTH DATA ELEMENTS--GENERAL INFORMATION
fixed length control field 040112s2004 meua b 000 0 eng
010 ## - LIBRARY OF CONGRESS CONTROL NUMBER
LC control number 2004040720
020 ## - INTERNATIONAL STANDARD BOOK NUMBER
International Standard Book Number 1931930007
040 ## - CATALOGING SOURCE
Original cataloging agency DLC
Transcribing agency DLC
Modifying agency DLC
-- DLC
042 ## - AUTHENTICATION CODE
Authentication code pcc
050 00 - LIBRARY OF CONGRESS CALL NUMBER
Classification number HM 1211
Item number .P485 2004
082 00 - DEWEY DECIMAL CLASSIFICATION NUMBER
Classification number IB 303.482
Item number P44 2004
100 1# - MAIN ENTRY--PERSONAL NAME
Personal name Peterson, Brooks.
245 10 - TITLE STATEMENT
Title Cultural intelligence :
Remainder of title a guide to working with people from other cultures /
Statement of responsibility, etc Brooks Peterson.
246 30 - VARYING FORM OF TITLE
Title proper/short title Working with people from other cultures
260 ## - PUBLICATION, DISTRIBUTION, ETC. (IMPRINT)
Place of publication, distribution, etc Yarmouth, Me. :
Name of publisher, distributor, etc Intercultural Press,
Date of publication, distribution, etc 2004.
300 ## - PHYSICAL DESCRIPTION
Extent viii, 229 p. :
Other physical details ill. ;
Dimensions 23 cm.
504 ## - BIBLIOGRAPHY, ETC. NOTE
Bibliography, etc Includes bibliographical references (p. [225]-229).
562 ## - COPY AND VERSION IDENTIFICATION NOTE
Number of copies For circulation. 1 copy available in the collection
650 #0 - SUBJECT ADDED ENTRY--TOPICAL TERM
Topical term or geographic name as entry element Intercultural communication.
650 #0 - SUBJECT ADDED ENTRY--TOPICAL TERM
Topical term or geographic name as entry element Cultural awareness.
650 #0 - SUBJECT ADDED ENTRY--TOPICAL TERM
Topical term or geographic name as entry element Social intelligence.
650 #0 - SUBJECT ADDED ENTRY--TOPICAL TERM
Topical term or geographic name as entry element Cross-cultural orientation.
650 #0 - SUBJECT ADDED ENTRY--TOPICAL TERM
Topical term or geographic name as entry element Business communication
Form subdivision Cross-cultural studies.
650 #0 - SUBJECT ADDED ENTRY--TOPICAL TERM
Topical term or geographic name as entry element Interpersonal communication
Form subdivision Cross-cultural studies.
856 42 - ELECTRONIC LOCATION AND ACCESS
Materials specified Contributor biographical information
Uniform Resource Identifier <a href="http://www.loc.gov/catdir/enhancements/fy1109/2004040720-b.html">http://www.loc.gov/catdir/enhancements/fy1109/2004040720-b.html</a>
906 ## - LOCAL DATA ELEMENT F, LDF (RLIN)
a 7
b cbc
c orignew
d 1
e ocip
f 20
g y-gencatlg
942 ## - ADDED ENTRY ELEMENTS (KOHA)
Source of classification or shelving scheme Library of Congress Classification
Koha item type Books
Holdings
Withdrawn status Lost status Source of classification or shelving scheme Damaged status Home library Current library Shelving location Date acquired Total Checkouts Full call number Barcode Date last seen Copy number Price effective from Koha item type
    Library of Congress Classification   Luxembourg Library Luxembourg Library International Baccalaureate Section 03/06/2013   HM 1211 .P485 2004 15780 08/13/2013 1 10/03/2013 Books

Cultural intelligence :

APA

Peterson B., . (2004). Cultural intelligence. Yarmouth, Me: Intercultural Press.

Chicago

Peterson Brooks, . 2004. Cultural intelligence. Yarmouth, Me: Intercultural Press.

Harvard

Peterson B., . (2004). Cultural intelligence. Yarmouth, Me: Intercultural Press.

MLA

Peterson Brooks, . Cultural intelligence. Yarmouth, Me: Intercultural Press. 2004.

  • Place hold
  • Print
  • Cite
  • Add to your cart (remove)
  • Save record
    BIBTEX Dublin Core MARCXML MARC (non-Unicode/MARC-8) MARC (Unicode/UTF-8) MARC (Unicode/UTF-8, Standard) MODS (XML) RIS
  • More searches
    Search for this title in:
    Other Libraries (WorldCat) Other Databases (Google Scholar) Online Stores (Bookfinder.com) Open Library (openlibrary.org)

Exporting to Dublin Core...

SOUTHVILLE LIBRARY

Southville International School and Colleges Library

1281 Tropical Ave. Cor. Luxembourg St., BF Homes International, Las Pinas City

Tel. No. 8256374 / 252358 Loc. 117/146

Powered by Koha